<?xml version="1.0" encoding="UTF-8"?>
<collection xmlns="http://www.loc.gov/MARC21/slim">
 <record>
  <leader>00857nam a2200205 a 4500</leader>
  <controlfield tag="001">1/39114</controlfield>
  <controlfield tag="008">091215s2008    njua     b    001 0 eng  </controlfield>
  <datafield tag="020" ind1=" " ind2=" ">
   <subfield code="a">9780470253885</subfield>
  </datafield>
  <datafield tag="035" ind1=" " ind2=" ">
   <subfield code="l">41765</subfield>
  </datafield>
  <datafield tag="040" ind1=" " ind2=" ">
   <subfield code="a">DLC</subfield>
   <subfield code="c">DLC</subfield>
   <subfield code="d">DLC</subfield>
   <subfield code="d">GR-PeUP</subfield>
  </datafield>
  <datafield tag="082" ind1="0" ind2="0">
   <subfield code="a">621.3815'324 SAY</subfield>
  </datafield>
  <datafield tag="100" ind1="1" ind2=" ">
   <subfield code="a">Sayed, Ali H.</subfield>
  </datafield>
  <datafield tag="245" ind1="1" ind2="0">
   <subfield code="a">Adaptive filters /</subfield>
   <subfield code="c">Ali H. Sayed.</subfield>
  </datafield>
  <datafield tag="260" ind1=" " ind2=" ">
   <subfield code="a">Hoboken, N.J. :</subfield>
   <subfield code="b">Wiley-Interscience :</subfield>
   <subfield code="b">IEEE Press,</subfield>
   <subfield code="c">2008.</subfield>
  </datafield>
  <datafield tag="300" ind1=" " ind2=" ">
   <subfield code="a">xxx, 786 σ. :</subfield>
   <subfield code="b">εικ. ;</subfield>
   <subfield code="c">26 εκ.</subfield>
  </datafield>
  <datafield tag="504" ind1=" " ind2=" ">
   <subfield code="a">Περιέχει βιβλιογραφικές αναφορές και ευρετήριο.</subfield>
  </datafield>
  <datafield tag="650" ind1=" " ind2="4">
   <subfield code="a">Adaptive filters.</subfield>
  </datafield>
  <datafield tag="852" ind1=" " ind2=" ">
   <subfield code="a">INST</subfield>
   <subfield code="b">UNIPILB</subfield>
   <subfield code="c">MAIN</subfield>
   <subfield code="e">20091215</subfield>
   <subfield code="h">621.3815'324 SAY</subfield>
   <subfield code="p">00159897</subfield>
   <subfield code="q">00159897</subfield>
   <subfield code="t">LOAN</subfield>
   <subfield code="y">0</subfield>
   <subfield code="4">1</subfield>
  </datafield>
  <datafield tag="856" ind1="4" ind2="1">
   <subfield code="3">Πίνακας περιεχομένων</subfield>
   <subfield code="u">http://www.loc.gov/catdir/enhancements/fy0810/2008003731-t.html</subfield>
  </datafield>
  <datafield tag="856" ind1="4" ind2=" ">
   <subfield code="d">/webopac/covers/02/41765_9780470253885.jpg</subfield>
  </datafield>
 </record>
</collection>
